000
00325nam a22001457a 4500
003
SGT
020
_a
9789332547940
082
_a
005.1,JAL
100
_a
JALOTE ,PANKAJ
245
_a
SOFTWARE PROJECT MANAGEMENT
260
_a
NEW DELHI
_b
PEARSON
_c
2016
300
_a
234
650
_a
COMPUTER SCIENCE
942
_2
ddc
_c
BK
999
_c
21144
_d
21144